000 00314nam a22001337a 4500
008 170221b xxu||||| |||| 00| 0 eng d
020 _a9780942447255
041 _aeng
080 _213TH
_a615
100 _a5
101 _aSHF
245 _aHANDBOOK OF COMMONLY PRESCRIBED DRUGS
_cDIGREGRIO, G.H
942 _2udc
_cBK
999 _c5935
_d5935